Representaciones del capitán General Marqués de Santa Cruz de Marcenado a la Junta Suprema Central, al Consejo de Regencia y alas [sic] Cortes Extraordinarias de España. (Record no. 164733)

MARC details
000 -LEADER
campo de control de longitud fija 00918nam a2200193 i 4500
001 - NÚMERO DE CONTROL
campo de control 164733
003 - IDENTIFICADOR DE NÚMERO DE CONTROL
campo de control ES-MaACL
005 - FECHA Y HORA DE LA ÚLTIMA TRANSACCIÓN
campo de control 20250526063011.0
008 - DATOS DE LONGITUD FIJA--INFORMACIÓN GENERAL
campo de control de longitud fija 931025s1811 sp |||| | spa d
040 ## - FUENTE DE CATALOGACIÓN
Centro catalogador/agencia de origen AS
Lengua de catalogación spa
Centro/agencia transcriptor PAB
100 1# - ENTRADA PRINCIPAL--NOMBRE DE PERSONA
Nombre de persona Santa Cruz de Marcenado, Joaquín Navia Ossorio,
Títulos y otros términos asociados al nombre Marqués de,
Fechas asociadas al nombre 1750-1816
9 (RLIN) 156867
245 10 - MENCIÓN DEL TÍTULO
Título Representaciones del capitán General Marqués de Santa Cruz de Marcenado a la Junta Suprema Central, al Consejo de Regencia y alas [sic] Cortes Extraordinarias de España.
260 ## - PUBLICACIÓN, DISTRIBUCIÓN, ETC.
Lugar de publicación, distribución, etc. En La Coruña :
Nombre del editor, distribuidor, etc. [s.n.],
Fecha de publicación, distribución, etc. 1811 (
Fabricante en la Oficina de D. Francisco Candido Perez Prieto)
300 ## - DESCRIPCIÓN FÍSICA
Extensión 71 p. ;
Dimensiones 20 cm.
594 ## - Nota al título y mención de responsabilidad
Nota al título y mención de responsabilidad Título tomado de la cabecera del texto.
651 #4 - PUNTO DE ACCESO ADICIONAL DE MATERIA--NOMBRE GEOGRÁFICO
Nombre geográfico España-
Subdivisión general Historia-
Subdivisión cronológica 1808-1814, Guerra de la Independencia
9 (RLIN) 8244
852 ## - LOCALIZACIÓN
Ubicación ES-MaACL
Número de control de estantería T-1392-F-5
Nota libre -- Enc. hol.
condición física -- Falto de la port.
Nota libre -- Enc. en un vol. facticio
Holdings
Estatus retirado Estado de pérdida Estado de daño No para préstamo Colección Biblioteca de origen Biblioteca actual Ubicación en estantería Fecha de adquisición Total de préstamos Signatura topográfica completa Código de barras Visto por última vez Precio de reemplazo Tipo de ítem Koha
        Colección de folletos Biblioteca del Ateneo de Madrid Biblioteca del Ateneo de Madrid Depósito folletos 17/01/2008   T-1392-F-5 1172682 23/02/2023 23/02/2023 Folleto